|
|
|
|
| LEADER |
00000nam0a2200000 4500 |
| 001 |
340750 |
| 005 |
20231102005255.0 |
| 035 |
|
|
|a (RuTPU)RU\TPU\book\367692
|
| 090 |
|
|
|a 340750
|
| 100 |
|
|
|a 20180405d1971 k y0rusy50 ca
|
| 101 |
0 |
|
|a rus
|
| 102 |
|
|
|a RU
|
| 105 |
|
|
|a y dm 001zy
|
| 200 |
1 |
|
|a Исследование полярографических каталитических токов пиридиновых и роданидных комплексов никеля (II)
|e автореферат диссертации на соискание ученой степени кандидата химических наук
|e спец. 02.00.04
|f О. Н. Малявинская
|g Томский государственный университет (ТГУ) ; науч. рук. Л. И. Турьян
|
| 210 |
|
|
|a Томск
|c [Б. и.]
|d 1971
|
| 215 |
|
|
|a 27 с.
|
| 300 |
|
|
|a Защита сост. 17.03.1972 г.
|
| 320 |
|
|
|a Библиогр.: с. 26-27 (13 назв.)
|
| 606 |
1 |
|
|a Полярографический анализ
|2 stltpush
|3 (RuTPU)RU\TPU\subj\50820
|9 69454
|
| 606 |
1 |
|
|a Никель
|x Электрохимия
|2 stltpush
|3 (RuTPU)RU\TPU\subj\75229
|9 87089
|
| 610 |
1 |
|
|a каталитические полярографические токи
|
| 610 |
1 |
|
|a роданидные комплексы
|
| 610 |
1 |
|
|a природные комплексы
|
| 610 |
1 |
|
|a пиридиновый фон
|
| 610 |
1 |
|
|a полярографические методы
|
| 610 |
1 |
|
|a авторефераты диссертаций
|
| 610 |
1 |
|
|a библиотека А. Г. Стромберга
|
| 675 |
|
|
|a 543.552(04)
|v 4
|
| 675 |
|
|
|a 546.74(04)
|v 4
|
| 686 |
|
|
|a 02.00.04
|2 oksvnk
|
| 700 |
|
1 |
|a Малявинская
|b О. Н.
|
| 702 |
|
1 |
|a Турьян
|b Л. И.
|4 727
|
| 712 |
0 |
2 |
|a Томский государственный университет (ТГУ)
|2 stltpush
|3 (RuTPU)RU\TPU\col\397
|
| 801 |
|
1 |
|a RU
|b 63413507
|c 20180405
|
| 801 |
|
2 |
|a RU
|b 63413507
|c 20180516
|g RCR
|
| 942 |
|
|
|c BK
|